| 000 | 00527nam a2200169Ia 4500 | ||
|---|---|---|---|
| 005 | 20250508153341.0 | ||
| 008 | 008 250505s9999 xx 000 0 eng d | ||
| 037 | _aBooks to be hide in OPAC | ||
| 040 |
_aFEDL _beng _cFEDL |
||
| 041 |
_aeng _2eng |
||
| 084 |
_a370.62, GEN/O _qFEDL |
||
| 245 | 0 | _aLe bureau interational d' education en 1939-1940 Rapport du directeur | |
| 260 |
_aGeneva _bBureau International D' Education _c1940 |
||
| 300 | _a12p. | ||
| 942 |
_cHB _h370.62, GEN/O |
||
| 999 |
_c1342198 _d1342198 |
||